000 nam a22 7a 4500
999 _c53527
_d53527
003 OSt
005 20220723145633.0
008 220723b xxu||||| |||| 00| 0 eng d
040 _cIIMT UNIVERSITY MEERUT
100 _aKUSHWAA, P.S
245 _aMETROLOGY & MEASURING INSTRUMENTS -2nd
260 _bBHARAT BHARTI
300 _a317
942 _2ddc
_c09